Central Library, Doon University
WEBOPAC (ONLINE PUBLIC ACCESS CATALOGUE)

New Look at Nidia's Internal Security (Record no. 60902)

MARC details
000 -LEADER
fixed length control field 00517nam a22001817a 4500
005 - DATE & TIME
control field 20260527155202.0
008 - FIXED-LENGTH DATA ELEMENTS--GENERAL INFORMATION
fixed length control field 260527b |||||||| |||| 00| 0 eng d
020 ## - ISBN
International Standard Book Number 9789364689236
Price 249.00
040 ## - CATALOGING SOURCE
Original cataloging agency Doon University
041 ## - Language
Language English
082 ## - DDC NUMBER
Classification number 363.3250
Book Number SAT
100 ## - MAIN ENTRY--PERSONAL NAME
Personal name Sati, IAS
245 ## - TITLE STATEMENT
Title New Look at Nidia's Internal Security
Sub Title : For UPSC And State PCS Civil Services Main Examination
260 ## - PUBLICATION, DISTRIBUTION, ETC. (IMPRINT)
Place of publication, distribution, etc Uttar Pradesh
Name of publisher, distributor, etc S. Chand
Date of publication, distribution, etc 2025
300 ## - PHYSICAL DESCRIPTION
Pages 155
650 ## - Subject
Subject Competitive Books
942 ## - ADDED ENTRY ELEMENTS (KOHA)
Koha item type Books
100 ## - MAIN ENTRY--PERSONAL NAME
-- 26927
952 ## - LOCATION AND ITEM INFORMATION (KOHA)
-- 2026-05-27
Holdings
Withdrawn status Lost status Source of classification or shelving scheme Damaged status Not for loan Location (home branch) Sublocation or collection (holding branch) Date acquired Koha issues (times borrowed) Koha full call number Accession No. Koha date last seen Koha item type
          Doon University Doon University 27.05.2026   363.3250 SAT CB864 27.05.2026 Books
Contact : +91-135-2533126 (Library),+91-135-2533105 (Admin Office) , Email : doonlibrary@gmail.com

Powered by Koha